00625nam a2200229Ia 4500008004100000020002200041050001400063050001800077100002600095245004900121245002600170250002000196260001200216260002600228260000900254300001600263300002000279300001100299500005100310650001800361650001600379160303s9999 xx 000 0 und d a978-971-23-4875-4 aFIL HM 51 b.P35 2007 c.1 aPalispis, Epitacio S. aIntroduction to sociology and anthropology / cEpitacio S. Palispis. aRevised Edition aManila: bRex Book Store, Inc., c2000 a418 pages : billustrations ; c25 cm. aIncludes bibliographical references and index. aAnthropology. aSociology.